<?xml version="1.0" encoding="UTF-8"?><?xml-stylesheet type="text/xsl" href="static/style.xsl"?><OAI-PMH xmlns="http://www.openarchives.org/OAI/2.0/" xmlns:xsi="http://www.w3.org/2001/XMLSchema-instance" xsi:schemaLocation="http://www.openarchives.org/OAI/2.0/ http://www.openarchives.org/OAI/2.0/OAI-PMH.xsd"><responseDate>2026-04-17T23:14:42Z</responseDate><request verb="GetRecord" identifier="oai:riubu.ubu.es:10259/10340" metadataPrefix="marc">https://riubu.ubu.es/oai/request</request><GetRecord><record><header><identifier>oai:riubu.ubu.es:10259/10340</identifier><datestamp>2025-03-18T01:05:34Z</datestamp><setSpec>com_10259_4292</setSpec><setSpec>com_10259_5086</setSpec><setSpec>com_10259_2604</setSpec><setSpec>com_10259_5827</setSpec><setSpec>col_10259_4293</setSpec><setSpec>col_10259_5828</setSpec></header><metadata><record xmlns="http://www.loc.gov/MARC21/slim" xmlns:doc="http://www.lyncode.com/xoai" xmlns:xsi="http://www.w3.org/2001/XMLSchema-instance" xmlns:dcterms="http://purl.org/dc/terms/" xsi:schemaLocation="http://www.loc.gov/MARC21/slim http://www.loc.gov/standards/marcxml/schema/MARC21slim.xsd">
<leader>00925njm 22002777a 4500</leader>
<datafield tag="042" ind1=" " ind2=" ">
<subfield code="a">dc</subfield>
</datafield>
<datafield tag="720" ind1=" " ind2=" ">
<subfield code="a">Gómez Bastida, Inmaculada</subfield>
<subfield code="e">author</subfield>
</datafield>
<datafield tag="720" ind1=" " ind2=" ">
<subfield code="a">García Varona, Celia</subfield>
<subfield code="e">author</subfield>
</datafield>
<datafield tag="720" ind1=" " ind2=" ">
<subfield code="a">Curiel Fernández, María</subfield>
<subfield code="e">author</subfield>
</datafield>
<datafield tag="720" ind1=" " ind2=" ">
<subfield code="a">Ortega Heras, Miriam</subfield>
<subfield code="e">author</subfield>
</datafield>
<datafield tag="260" ind1=" " ind2=" ">
<subfield code="c">2020</subfield>
</datafield>
<datafield tag="520" ind1=" " ind2=" ">
<subfield code="a">The aim of this work was to evaluate the effect of an olive extract (OE) on the physicochemical and microbiological characteristics, lipid oxidation and volatile compounds of beef patties stored both aerobically and under modified atmosphere packaging for 15 days at 4 °C. The antioxidant and antimicrobial effects of the OE were compared to those of sulfite. Four formulations were elaborated according to the antioxidant and dose used: without antioxidant, C; 300 mg potassium metabisulfite/kg product, S; 150 mg OE/kg product, OE1; and 250 mg of OE/kg product, OE2. The parameters analyzed were pH, water activity, color, lipid oxidation (TBARS and volatile organic compounds: hexanal, 2-pentyl-furan, 1-pentanol, 2,3-octanedione and nonanal, 1-octen-2-ol) and total viable counts. The OE delayed the loss of the bright red color of the patties and reduced the lipid oxidation in both types of packaging compared to the control patty. Sulfite was the most effective antioxidant for inhibition of the total viable counts. An OE could be used as a natural antioxidant to delay the lipid oxidation of meat without negatively affecting its physicochemical properties.</subfield>
</datafield>
<datafield tag="024" ind2=" " ind1="8">
<subfield code="a">http://hdl.handle.net/10259/10340</subfield>
</datafield>
<datafield tag="024" ind2=" " ind1="8">
<subfield code="a">10.3390/foods9121728</subfield>
</datafield>
<datafield tag="024" ind2=" " ind1="8">
<subfield code="a">2304-8158</subfield>
</datafield>
<datafield ind1=" " ind2=" " tag="653">
<subfield code="a">Color</subfield>
</datafield>
<datafield ind1=" " ind2=" " tag="653">
<subfield code="a">Inhibition of oxidation</subfield>
</datafield>
<datafield ind1=" " ind2=" " tag="653">
<subfield code="a">Meat stability</subfield>
</datafield>
<datafield ind1=" " ind2=" " tag="653">
<subfield code="a">Modified atmosphere packaging</subfield>
</datafield>
<datafield ind1=" " ind2=" " tag="653">
<subfield code="a">Natural antioxidants</subfield>
</datafield>
<datafield ind1=" " ind2=" " tag="653">
<subfield code="a">TBARS</subfield>
</datafield>
<datafield ind1=" " ind2=" " tag="653">
<subfield code="a">Volatile organic compounds</subfield>
</datafield>
<datafield tag="245" ind1="0" ind2="0">
<subfield code="a">Effects of an Extract from Olive Fruits on the Physicochemical Properties, Lipid Oxidation and Volatile Compounds of Beef Patties</subfield>
</datafield>
</record></metadata></record></GetRecord></OAI-PMH>